000 00603cab a2200205 4500
001 WB2821-47
008 090401t1992 xxu||||| |||| 00| 0 eng d
035 _a(Sirsi) u19708
041 _aeng
245 _aOxford shark to remain
260 _c1992
350 _a0
490 _aDoE News Release
_v(353) 21 May 1992 (8)
520 _aThe six metre fibreglass shark in the roof of a terraced house in Oxford will remain, following a successful planning appeal.
650 _aPLANNING APPEALS
650 _aSCULPTURE
690 _aPLANNING LAW AND PRACTICE
942 _n0
948 _c04/03/1997
999 _c13185
_d13185